Medzinárodná obchodná arbitráž vo vybraných štátoch Európy (Švédsko, Holandsko, Rakúsko)

Bibliographic Details
Main Author: Chovancová, Katarína, 1974- (Author)
Format: Book
Language:Slovak
Czech
PhysicalDescription:476 s. 24 cm
Published: Bratislava Veda 2015
ISBN:9788022414326
Edition:1. vyd.
Subjects:

MARC

LEADER 00000cam a2200000 a 4500
001 vtls011427819
003 SK-MaSNL
005 20260302051428.0
008 240318s2015 xo f n 000 0 slo
015 |a SNBA2016/03 
020 |a 9788022414326  |q (brožované) 
035 |a urn:nbn:sk:snk-am00bc8w 
035 |a urn:nbn:sk:snk-am3h8ks 
035 |a FEBB3D9D-EAFC-4F02-A5C1-A8F72FAF1B29 
040 |a SNK  |b slo  |c SNK  |e AACR2 
041 0 |a slo  |a cze  |b eng 
043 |a e-sw---  |a e-ne---  |a e-au--- 
044 |a xo  |c SK 
072 7 |a 341  |x Medzinárodné právo  |2 konspekt 
080 |a 341.63  |2 2011 
080 |a (485)  |2 2011 
080 |a (048.8)  |2 2011 
080 |a (492)  |2 2011 
080 |a (436)  |2 2011 
100 1 |a Chovancová, Katarína,  |d 1974-  |4 aut  |9 253865 
245 1 0 |a Medzinárodná obchodná arbitráž vo vybraných štátoch Európy  |b (Švédsko, Holandsko, Rakúsko)  |c Katarína Chovancová 
250 |a 1. vyd. 
260 |a Bratislava  |b Veda  |c 2015 
300 |a 476 s.  |c 24 cm 
504 |a Bibliogr.: s. 457-476 ; bibliogr. odkazy ; zoznam skratiek 
546 |a Predslov v češtine ; resumé v angličtine 
650 0 7 |a medzinárodná obchodná arbitráž  |2 SNKPH  |9 4414 
650 0 7 |a International trade arbitration  |2 SNKPHeng  |9 438608 
651 7 |a Švédsko  |2 SNKPH  |9 246039 
651 7 |a Holandsko  |2 SNKPH  |9 17433 
651 7 |a Rakúsko  |2 SNKPH  |9 18533 
651 7 |a Sweden  |2 SNKPHeng  |9 106023 
651 7 |a Netherlands  |2 SNKPHeng  |9 300241 
651 7 |a Austria  |2 SNKPHeng  |9 274392 
655 7 |a monografie  |2 SNKPH  |9 70139 
655 7 |a Monographs  |2 SNKPHeng  |9 120675 
852 |a Štátna vedecká knižnica v Banskej Bystrici 
919 |a 978-80-224-1432-6 
958 |a NB 
958 |a SP 
999 |c 1101113  |d 1103043 
952 |a SNK  |b SNK  |y PREZ  |7 0  |p 17A1180565  |o snkSC 168184  |i snk2016/4184  |8 0  |0 0  |1 0  |4 0  |d 2016-02-16  |f 1  |l 0  |r 2026-02-24 17:29:54  |w 2026-02-24 
952 |a SNK  |b SNK  |y VYP  |7 0  |p 17A1180566  |o snkSC 168184 D1  |i snk2016/4185  |8 0  |0 0  |1 0  |4 0  |d 2016-02-16  |l 0  |r 2026-02-24 17:29:55  |w 2026-02-24